[Event "Cappelle Online Blitz op"]
[Site "Europe Echecs INT"]
[Date "2021.03.07"]
[Round "2"]
[White "Vakhidov, Jahongir"]
[Black "Houard, Sebastien"]
[Result "1-0"]
[WhiteElo "2533"]
[BlackElo "2123"]
[PlyCount "63"]
[EventDate "2021.03.07"]
[EventType "swiss (blitz)"]
[EventRounds "11"]
[EventCountry "FRA"]
[SourceTitle "CBM 201 Extra"]
[Source "ChessBase"]
[SourceDate "2021.05.31"]
[SourceVersion "1"]
[SourceVersionDate "2021.05.31"]
[SourceQuality "1"]

1. c4 e5 2. Nc3 Nc6 3. Nf3 Bc5 4. e3 Bb6 5. d4 exd4 6. exd4 d6 7. Be2 Qf6 8. 0-0 Nge7 9. Bg5 Qg6 10. d5 Ne5 11. Bxe7 Kxe7 12. Nxe5 dxe5 13. Bd3 Bf5 14. Bxf5 Qxf5 15. d6+ Kf8 16. dxc7 g6 17. Qd6+ Kg7 18. c5 Ba5 19. Nd5 Rhe8 20. b4 Re6 21. Qd7 Bxb4 22. c8Q Rxc8 23. Qxc8 Bd2 24. Nc7 Rc6 25. Ne8+ Kh6 26. Qxf5 gxf5 27. Rad1 Bb4 28. Rd6+ Kg5 29. Rxc6 bxc6 30. Rc1 Kf4 31. Rc4+ e4 32. Rxb4 1-0

[Event "Cappelle Online Bullet op"]
[Site "Europe Echecs INT"]
[Date "2021.03.05"]
[Round "11"]
[White "Delorme, Alban"]
[Black "Houard, Sebastien"]
[Result "1-0"]
[WhiteElo "2322"]
[BlackElo "2123"]
[PlyCount "119"]
[EventDate "2021.03.05"]
[EventType "swiss (blitz)"]
[EventRounds "15"]
[EventCountry "FRA"]
[SourceTitle "EXT 2022"]
[Source "ChessBase"]
[SourceDate "2021.10.06"]
[SourceVersion "1"]
[SourceVersionDate "2021.10.06"]
[SourceQuality "1"]

1. e4 e5 2. d4 Nc6 3. dxe5 Nxe5 4. f4 Nc6 5. Bc4 Bc5 6. Bxf7+ Kxf7 7. Qd5+ Kf8 8. Qxc5+ Qe7 9. Qe3 Nf6 10. Nc3 d6 11. Bd2 Bg4 12. h3 Be6 13. 0-0-0 Rd8 14. g4 Bf7 15. g5 Nd7 16. Nge2 Nb6 17. Rhe1 h6 18. h4 hxg5 19. fxg5 Kg8 20. Rf1 Bg6 21. Nf4 Bf7 22. g6 Be6 23. Qf2 Bd7 24. Rde1 Qxh4 25. Qf3 Bg4 26. Qd3 Ne5 27. Qb5 c6 28. Qb3+ Nbc4 29. Nd3 Be6 30. Nxe5 dxe5 31. Qb4 Rh5 32. Nd5 cxd5 33. exd5 Nxd2 34. dxe6 Qxb4 35. e7 Re8 36. c3 Qc4 37. Kxd2 Qe6 38. Rh1 Qd7+ 39. Kc2 Rxh1 40. Rxh1 Qf5+ 41. Kb3 Qxg6 42. c4 Qf6 43. Rd1 Qf7 44. Rd7 Rxe7 45. Rd8+ Qf8 46. Rd6 Qf6 47. Rd5 Qf3+ 48. Ka4 Qxd5 49. b4 Rd7 50. c5 Qd4 51. c6 Qc4 52. cxb7 Qxa2+ 53. Kb5 Qc4+ 54. Kxc4 Rd6 55. Kc5 Rd5+ 56. Kc6 e4 57. b8Q+ Kh7 58. Qh2+ Rh5 59. Qg3 Rh6+ 60. Kc5 1-0

[Event "Cappelle Online Bullet op"]
[Site "Europe Echecs INT"]
[Date "2021.03.05"]
[Round "12"]
[White "Houard, Sebastien"]
[Black "Solodovnichenko, Yuri"]
[Result "1-0"]
[WhiteElo "2123"]
[BlackElo "2546"]
[PlyCount "81"]
[EventDate "2021.03.05"]
[EventType "swiss (blitz)"]
[EventRounds "15"]
[EventCountry "FRA"]
[SourceTitle "EXT 2022"]
[Source "ChessBase"]
[SourceDate "2021.10.06"]
[SourceVersion "1"]
[SourceVersionDate "2021.10.06"]
[SourceQuality "1"]

1. e4 c5 2. Nc3 e6 3. Bc4 Nf6 4. Bb3 d5 5. d3 c4 6. dxc4 dxe4 7. Bg5 Be7 8. Nge2 Nc6 9. Ng3 0-0 10. 0-0 Bd7 11. Qe2 Qc7 12. Rad1 Rad8 13. Ngxe4 Nxe4 14. Nxe4 Bxg5 15. Nxg5 h6 16. Ne4 e5 17. c5 Nd4 18. Qe3 Bc6 19. Nd6 Rxd6 20. cxd6 Qxd6 21. c3 Qg6 22. f3 Nxb3 23. axb3 f6 24. b4 Kh8 25. Rfe1 a6 26. Qd3 Qg5 27. Qd2 Qg6 28. Qd6 e4 29. Qxf8+ Kh7 30. Rd8 Qg5 31. Qg8+ Kg6 32. fxe4 Qh4 33. Rdd1 Bxe4 34. Qe6 Bxg2 35. Kxg2 Qg5+ 36. Kf2 Kh7 37. Qe4+ f5 38. Qe3 Qg4 39. Qf3 Qh4+ 40. Qg3 Qc4 41. Qf3 1-0

[Event "Vaujany op-A 7th"]
[Site "Vaujany"]
[Date "2016.07.22"]
[Round "7"]
[White "Mihok, Oliver"]
[Black "Houard, Sebastien"]
[Result "1/2-1/2"]
[WhiteElo "2509"]
[BlackElo "2133"]
[PlyCount "80"]
[EventDate "2016.07.16"]
[EventType "swiss"]
[EventRounds "9"]
[EventCountry "FRA"]
[SourceTitle "EXT 2019"]
[Source "ChessBase"]
[SourceDate "2018.10.10"]
[SourceVersion "1"]
[SourceVersionDate "2018.10.10"]
[SourceQuality "1"]

1. e4 e5 2. Nf3 Nc6 3. Bb5 a6 4. Ba4 Nf6 5. 0-0 b5 6. Bb3 Be7 7. d4 d6 8. c3 0-0 9. h3 Na5 10. Bc2 Nd7 11. a4 Bb7 12. Nbd2 c5 13. d5 c4 14. b4 cxb3 15. Bxb3 Qc7 16. axb5 axb5 17. Ba3 Nc5 18. Bc2 Nc4 19. Nxc4 bxc4 20. Bxc5 Qxc5 21. Qe2 Ra3 22. Rfb1 Ba6 23. Qe1 Rxa1 24. Rxa1 Bb5 25. Ba4 f5 26. Bc2 Bd7 27. Qb1 Bd8 28. Qb7 Bc8 29. Qc6 Bb6 30. Qxc5 Bxc5 31. Ra8 Bb7 32. Rxf8+ Kxf8 33. Nd2 fxe4 34. Bxe4 g6 35. Nxc4 Ba6 36. Nd2 Ba3 37. Bc2 Bc1 38. Ne4 Ke7 39. Ba4 Bd3 40. f3 Bxe4 1/2-1/2

[Event "Vaujany op-A 7th"]
[Site "Vaujany"]
[Date "2016.07.21"]
[Round "6"]
[White "Houard, Sebastien"]
[Black "Drozdowski, Konrad"]
[Result "1-0"]
[WhiteElo "2133"]
[BlackElo "2088"]
[PlyCount "73"]
[EventDate "2016.07.16"]
[EventType "swiss"]
[EventRounds "9"]
[EventCountry "FRA"]
[SourceTitle "EXT 2019"]
[Source "ChessBase"]
[SourceDate "2018.10.10"]
[SourceVersion "1"]
[SourceVersionDate "2018.10.10"]
[SourceQuality "1"]

1. e4 c5 2. Bc4 e6 3. Nc3 Nc6 4. d3 a6 5. a4 Nf6 6. Qf3 Nd4 7. Qd1 d5 8. Ba2 Be7 9. Nf3 Nxf3+ 10. Qxf3 d4 11. Ne2 Qa5+ 12. Bd2 Qxa4 13. Qg3 Qxc2 14. Nc1 Qa4 15. e5 Nh5 16. Qf3 g6 17. g4 Ng7 18. Bxe6 Qxa1 19. Qxf7+ Kd8 20. Qxg7 Re8 21. Bf7 Bd7 22. Bxe8 Bxe8 23. b3 c4 24. bxc4 a5 25. 0-0 Qb2 26. Bf4 Ra6 27. Re1 a4 28. e6 Rc6 29. Re5 Rd6 30. c5 Qc2 31. Ne2 Qd1+ 32. Kg2 Bc6+ 33. f3 Bxf3+ 34. Kxf3 Qf1+ 35. Kg3 Bh4+ 36. Kxh4 Qe1+ 37. Ng3 1-0

[Event "Vaujany op-A 7th"]
[Site "Vaujany"]
[Date "2016.07.20"]
[Round "5"]
[White "Georges, Thomas"]
[Black "Houard, Sebastien"]
[Result "1/2-1/2"]
[WhiteElo "1980"]
[BlackElo "2133"]
[PlyCount "153"]
[EventDate "2016.07.16"]
[EventType "swiss"]
[EventRounds "9"]
[EventCountry "FRA"]
[SourceTitle "EXT 2019"]
[Source "ChessBase"]
[SourceDate "2018.10.10"]
[SourceVersion "1"]
[SourceVersionDate "2018.10.10"]
[SourceQuality "1"]

1. e4 e5 2. Nf3 Nc6 3. Bb5 a6 4. Ba4 Nf6 5. 0-0 b5 6. Bb3 Be7 7. Re1 0-0 8. h3 d6 9. c3 Na5 10. Bc2 c5 11. d4 Qc7 12. d5 Bd7 13. b3 Nb7 14. c4 b4 15. Nbd2 a5 16. Bb2 g6 17. Nf1 Nh5 18. Ne3 Nf4 19. Ng4 f6 20. Kh2 h5 21. Ne3 Qc8 22. Ng1 Nd8 23. h4 Kg7 24. g3 Nh3 25. Nxh3 Bxh3 26. Bd3 Nf7 27. Bf1 Bg4 28. Be2 Nh6 29. Rg1 Bxe2 30. Qxe2 Ng4+ 31. Nxg4 hxg4 32. Kg2 f5 33. f3 f4 34. Rgf1 gxf3+ 35. Qxf3 g5 36. hxg5 Bxg5 37. Qh5 Bh6 38. gxf4 Bxf4 39. Rh1 Rh8 40. Qxh8+ Qxh8 41. Rxh8 Rxh8 42. Rh1 Ra8 43. Bc1 Bxc1 44. Rxc1 a4 45. Kf3 axb3 46. axb3 Ra2 47. Rb1 Rc2 48. Kg4 Kf6 49. Ra1 Rg2+ 50. Kf3 Rb2 51. Ra6 Kg5 52. Rxd6 Rxb3+ 53. Ke2 Kf4 54. Rc6 Kxe4 55. Rxc5 Rb2+ 56. Kd1 Kd4 57. d6 Kxc5 58. d7 Kxc4 59. d8Q Rb3 60. Qg8+ Kc3 61. Qg3+ Kc4 62. Qxe5 Rc3 63. Qe4+ Kb3 64. Qb1+ Kc4 65. Kd2 Kb5 66. Qa2 Kc5 67. Qa6 Ra3 68. Qc8+ Kb5 69. Qd7+ Kc5 70. Kc2 Rc3+ 71. Kb2 Ra3 72. Qc7+ Kb5 73. Qe5+ Kc4 74. Qe4+ Kc5 75. Qe5+ Kc4 76. Qf4+ Kc5 77. Qf5+ 1/2-1/2

[Event "Vaujany op-A 6th"]
[Site "Vaujany"]
[Date "2015.07.14"]
[Round "6"]
[White "Grange, Romain"]
[Black "Houard, Sebastien"]
[Result "0-1"]
[WhiteElo "1811"]
[BlackElo "2162"]
[PlyCount "72"]
[EventDate "2015.07.09"]
[EventType "swiss"]
[EventRounds "9"]
[EventCountry "FRA"]
[SourceTitle "EXT 2017"]
[Source "ChessBase"]
[SourceDate "2016.10.25"]
[SourceVersion "1"]
[SourceVersionDate "2016.10.25"]
[SourceQuality "1"]

1. b3 e5 2. Bb2 Nc6 3. e3 Bc5 4. d4 exd4 5. exd4 Bb4+ 6. c3 Be7 7. d5 Ne5 8. Nf3 Ng6 9. Bc4 Nf6 10. 0-0 0-0 11. Re1 Bc5 12. Ba3 d6 13. Qd2 Bb6 14. Bd3 Ng4 15. Nd4 N6e5 16. h3 Nxf2 17. Kxf2 Qh4+ 18. Ke2 Bxh3 19. Kd1 Bg4+ 20. Be2 Rae8 21. Kc1 Qxe1+ 22. Qxe1 Nd3+ 23. Kd2 Nxe1 24. Bxg4 Nxg2 25. Nf5 g6 26. Nxd6 Be3+ 27. Kc2 cxd6 28. Bxd6 f5 29. Bxf8 Kxf8 30. Be2 Bc5 31. Bc4 Re1 32. Kd2 Be3+ 33. Kc2 h5 34. d6 Bc5 35. Kd2 Bxd6 36. Bd3 Bf4+ 0-1

[Event "Vaujany op 5th"]
[Site "Vaujany"]
[Date "2014.07.16"]
[Round "7.16"]
[White "Houard, Sebastien"]
[Black "Grimm, Gyorgy"]
[Result "1-0"]
[WhiteElo "2130"]
[BlackElo "2087"]
[PlyCount "91"]
[EventDate "2014.07.10"]
[EventType "swiss"]
[EventRounds "9"]
[EventCountry "FRA"]
[SourceTitle "EXT 2017"]
[Source "ChessBase"]
[SourceDate "2016.10.25"]
[SourceVersion "1"]
[SourceVersionDate "2016.10.25"]
[SourceQuality "1"]

1. e4 d5 2. exd5 Qxd5 3. Nc3 Qd6 4. Bc4 Nf6 5. d3 a6 6. Nge2 b5 7. Bb3 Bb7 8. f3 c5 9. a4 b4 10. Ne4 Qb6 11. Be3 Nbd7 12. N2g3 e6 13. Qe2 Be7 14. Nd2 Qc7 15. Nge4 h6 16. Nc4 Nb6 17. Nxb6 Qxb6 18. Qf2 Rc8 19. a5 Qc7 20. 0-0 0-0 21. Qd2 Rfd8 22. Bc4 Bxe4 23. fxe4 Nxe4 24. Qe2 Nf6 25. Bxa6 Ra8 26. Bc4 Rxa5 27. Bf4 Qb6 28. Rae1 Rda8 29. Qf3 R8a7 30. Be5 Qd8 31. Qh3 Qa8 32. b3 Qd8 33. Re2 Bd6 34. Bxf6 gxf6 35. Qxh6 Ra1 36. Re4 f5 37. Rxe6 Rxf1+ 38. Kxf1 fxe6 39. Bxe6+ Rf7 40. Qg6+ Kh8 41. Bxf7 Bf4 42. Be6 Bd2 43. Qh5+ Kg7 44. Qf7+ Kh6 45. Bxf5 Qd6 46. g3 1-0

[Event "Vaujany op 4th"]
[Site "Vaujany"]
[Date "2013.07.13"]
[Round "3"]
[White "Solozhenkin, Evgeniy"]
[Black "Houard, Sebastien"]
[Result "1-0"]
[WhiteElo "2458"]
[BlackElo "2100"]
[PlyCount "91"]
[EventDate "2013.07.11"]
[EventType "swiss"]
[EventRounds "9"]
[EventCountry "FRA"]
[SourceTitle "EXT 2014"]
[Source "ChessBase"]
[SourceDate "2013.11.20"]
[SourceVersion "1"]
[SourceVersionDate "2013.11.20"]
[SourceQuality "1"]

1. e4 e5 2. Nf3 Nc6 3. d4 exd4 4. Nxd4 Bc5 5. Nxc6 Qf6 6. Qd2 dxc6 7. Nc3 Be6 8. Na4 Rd8 9. Bd3 Bd4 10. 0-0 a6 11. Qa5 b6 12. Qh5 g6 13. Qe2 b5 14. Nc3 Ne7 15. a4 b4 16. Nd1 a5 17. c3 bxc3 18. bxc3 Bb6 19. Kh1 h5 20. f4 Bg4 21. Qc2 Qd6 22. Nb2 0-0 23. h3 Bc8 24. Be2 Qf6 25. Nc4 Ba7 26. Ba3 Qh4 27. f5 gxf5 28. exf5 Rfe8 29. Bxe7 Rxe7 30. Nxa5 Re3 31. Bf3 Rdd3 32. Nxc6 Rxc3 33. Qd2 Rxf3 34. Rxf3 Rxc6 35. Re1 Rd6 36. Re8+ Kh7 37. Qc2 Qf6 38. Rf1 Bb7 39. Qe2 Qh4 40. Kh2 Qg5 41. Qb2 Rd4 42. Qxb7 Bc5 43. Qb3 Qg7 44. f6 Qg6 45. Re7 Bd6+ 46. Kh1 1-0

[Event "Vaujany op 3rd"]
[Site "Vaujany"]
[Date "2012.07.20"]
[Round "9"]
[White "Houard, Sebastien"]
[Black "N'Guyen, Emilien"]
[Result "1/2-1/2"]
[WhiteElo "2089"]
[BlackElo "2027"]
[PlyCount "81"]
[EventDate "2012.07.12"]
[EventType "swiss"]
[EventRounds "9"]
[EventCountry "FRA"]
[SourceTitle "CBM 149 Extra"]
[Source "ChessBase"]
[SourceDate "2012.08.24"]
[SourceVersion "1"]
[SourceVersionDate "2012.08.24"]
[SourceQuality "1"]

1. e4 c6 2. d4 d5 3. exd5 cxd5 4. Bd3 Nc6 5. c3 Qc7 6. Ne2 Bg4 7. f3 Bd7 8. Bf4 e5 9. dxe5 Nxe5 10. Bc2 Nf6 11. Nd2 Bd6 12. Bg3 0-0 13. Nb3 Nc4 14. Qc1 Rfe8 15. Bxd6 Qxd6 16. Nbd4 Ne3 17. Kf2 Qe5 18. h3 Qg5 19. g3 Qe5 20. Nf4 Nh5 21. Nxh5 Qxh5 22. Bd3 Re7 23. Qd2 Rae8 24. Rae1 Nc4 25. Bxc4 dxc4 26. h4 Qa5 27. a3 Qb6 28. Rxe7 Rxe7 29. Re1 Rxe1 30. Kxe1 h6 31. Qe2 Qd6 32. Kf2 Qb6 33. Kg2 a6 34. Qd2 Be6 35. f4 Bd7 36. f5 Qf6 37. Qf4 Qb6 38. Qf2 Qd6 39. Qf3 Bc6 40. Nxc6 bxc6 41. Qf2 1/2-1/2

[Event "Vaujany op 3rd"]
[Site "Vaujany"]
[Date "2012.07.14"]
[Round "3"]
[White "Houard, Sebastien"]
[Black "Di Nicolantonio, Lucas"]
[Result "1/2-1/2"]
[WhiteElo "2089"]
[BlackElo "2321"]
[PlyCount "43"]
[EventDate "2012.07.12"]
[EventType "swiss"]
[EventRounds "9"]
[EventCountry "FRA"]
[SourceTitle "CBM 149 Extra"]
[Source "ChessBase"]
[SourceDate "2012.08.24"]
[SourceVersion "1"]
[SourceVersionDate "2012.08.24"]
[SourceQuality "1"]

1. e4 c5 2. Nf3 e6 3. d4 cxd4 4. Nxd4 Nf6 5. Nc3 Nc6 6. Nxc6 bxc6 7. Bd3 d5 8. 0-0 Be7 9. Qe2 0-0 10. Kh1 c5 11. b3 Bb7 12. f3 Qc7 13. Bb2 Rfe8 14. Rae1 Rac8 15. Bb5 Bc6 16. Bxc6 Qxc6 17. Qb5 Qc7 18. Qa4 Qb7 19. Qb5 Qc7 20. Qa4 Qb7 21. Qb5 Qc7 22. Qa4 1/2-1/2

[Event "Vaujany op 3rd"]
[Site "Vaujany"]
[Date "2012.07.13"]
[Round "2"]
[White "Roos, Daniel"]
[Black "Houard, Sebastien"]
[Result "1/2-1/2"]
[WhiteElo "2383"]
[BlackElo "2089"]
[PlyCount "137"]
[EventDate "2012.07.12"]
[EventType "swiss"]
[EventRounds "9"]
[EventCountry "FRA"]
[SourceTitle "CBM 149 Extra"]
[Source "ChessBase"]
[SourceDate "2012.08.24"]
[SourceVersion "1"]
[SourceVersionDate "2012.08.24"]
[SourceQuality "1"]

1. Nf3 d5 2. c4 c6 3. g3 Nf6 4. Bg2 Bg4 5. Ne5 Be6 6. cxd5 Bxd5 7. Nf3 Nbd7 8. Nc3 e6 9. 0-0 Qc7 10. Qa4 Bd6 11. Nxd5 exd5 12. d3 0-0 13. Bd2 Rfe8 14. e3 Ne5 15. Nxe5 Bxe5 16. Rab1 Nd7 17. Qc2 a6 18. b4 g6 19. a4 Qd6 20. Kh1 Bg7 21. Rbd1 Qf6 22. e4 d4 23. f4 Rac8 24. Rc1 Qd8 25. Bh3 Ra8 26. Qa2 Qe7 27. Rf2 Kh8 28. Rcf1 f6 29. Rc1 Red8 30. Be1 Nb6 31. Rfc2 Qd6 32. a5 Nc8 33. Rc4 Na7 34. Bg4 Nb5 35. Bf3 Re8 36. h4 Rad8 37. Bf2 Re7 38. Kg2 Bh6 39. Rc5 Rg7 40. Re1 Re7 41. Qb2 Bg7 42. Bd1 Qd7 43. h5 Bf8 44. Rc4 g5 45. Ba4 gxf4 46. Bxb5 Qg4 47. Qe2 Qxe2 48. Rxe2 axb5 49. Rxd4 Red7 50. Rxd7 Rxd7 51. gxf4 Rxd3 52. a6 bxa6 53. Rc2 Bxb4 54. Rxc6 Rd6 55. Rc7 Ba5 56. Rb7 Kg8 57. Kf3 Rc6 58. Bd4 Bc3 59. Bxc3 Rxc3+ 60. Kg4 Rc5 61. h6 Rc8 62. Kf5 a5 63. Rxb5 Ra8 64. Kxf6 a4 65. Rb2 a3 66. Ra2 Ra6+ 67. Ke7 Ra7+ 68. Kf6 Ra6+ 69. Ke7 1/2-1/2

[Event "Vaujany op 1st"]
[Site "Vaujany"]
[Date "2010.07.11"]
[Round "2"]
[White "Roos, Daniel"]
[Black "Houard, Sebastien"]
[Result "1-0"]
[WhiteElo "2414"]
[BlackElo "2117"]
[PlyCount "91"]
[EventDate "2010.07.10"]
[EventType "swiss"]
[EventRounds "9"]
[EventCountry "FRA"]
[SourceTitle "CBM 137 Extra"]
[Source "ChessBase"]
[SourceDate "2010.09.01"]
[SourceVersion "1"]
[SourceVersionDate "2010.09.01"]
[SourceQuality "1"]

1. Nf3 d5 2. g3 Nf6 3. Bg2 c6 4. d3 Bg4 5. Nbd2 Nbd7 6. 0-0 e6 7. b3 Bd6 8. Bb2 0-0 9. c4 Qe7 10. Qc2 e5 11. h3 Bxf3 12. Nxf3 Rfe8 13. Rad1 Rad8 14. e3 Nf8 15. a3 a6 16. b4 Bb8 17. Bc3 Ng6 18. e4 Qe6 19. Qe2 h6 20. Nd2 Qd7 21. Nb3 Ba7 22. Rfe1 dxc4 23. dxc4 Qc7 24. c5 Rxd1 25. Rxd1 Rd8 26. Rxd8+ Qxd8 27. Na5 Qc8 28. Nc4 Bb8 29. h4 Qe6 30. Qd3 Qd7 31. Qxd7 Nxd7 32. Na5 Bc7 33. Nxb7 Kf8 34. Bf1 Nb8 35. Nd6 Bxd6 36. cxd6 f6 37. f4 exf4 38. h5 Ne5 39. gxf4 Nf7 40. e5 fxe5 41. fxe5 Ng5 42. Bc4 Nh3+ 43. Kg2 Nf4+ 44. Kf3 Nxh5 45. Kg4 g6 46. e6 1-0

[Event "FRA-ch U20"]
[Site "Le Grand Bornand"]
[Date "2007.04.14"]
[Round "7"]
[White "Houard, Sebastien"]
[Black "Entem, Alan"]
[Result "0-1"]
[WhiteElo "2041"]
[BlackElo "2168"]
[PlyCount "50"]
[EventDate "2007.04.07"]
[EventType "swiss"]
[EventRounds "9"]
[EventCountry "FRA"]
[SourceTitle "CBM 118 Extra"]
[Source "ChessBase"]
[SourceDate "2007.07.04"]
[SourceVersion "1"]
[SourceVersionDate "2007.07.04"]
[SourceQuality "1"]

1. e4 c5 2. Nf3 Nc6 3. d4 cxd4 4. Nxd4 g6 5. Nc3 Bg7 6. Be3 Nf6 7. Bc4 Qa5 8. 0-0 0-0 9. Nb3 Qc7 10. Bg5 a5 11. Bxf6 Bxf6 12. Nd5 Qe5 13. Nxf6+ exf6 14. Bd5 Qxb2 15. Rb1 Qc3 16. f4 Nb4 17. a3 Nxc2 18. Rf3 Qc7 19. Rh3 Nxa3 20. Qg4 Nxb1 21. Qh4 h5 22. f5 Kg7 23. Rg3 Rh8 24. Bxf7 Kxf7 25. Rxg6 Ra6 0-1

[Event "Marseille Hiver op"]
[Site "Marseille"]
[Date "2005.12.27"]
[Round "1"]
[White "Nari, Damien"]
[Black "Houard, Sebastien"]
[Result "1-0"]
[WhiteElo "1642"]
[BlackElo "2038"]
[PlyCount "31"]
[EventDate "2005.12.27"]
[EventType "swiss"]
[EventRounds "9"]
[EventCountry "FRA"]
[SourceTitle "CBM 110 Extra"]
[Source "ChessBase"]
[SourceDate "2006.03.10"]
[SourceVersion "2"]
[SourceVersionDate "2006.03.10"]
[SourceQuality "1"]

1. e4 e5 2. Nc3 Bc5 3. Bc4 d6 4. d3 Nf6 5. f4 Ng4 6. f5 Qh4+ 7. g3 Bf2+ 8. Kf1 Bxg3 9. hxg3 Qxh1 10. Qxg4 g6 11. Nd5 b5 12. Nxc7+ Kd8 13. Nxb5 f6 14. Nxd6 Ke7 15. Nxc8+ Rxc8 16. fxg6 1-0